[Event "Championnat de France"]
[Site "Val d'Isere"]
[Date "2002.08.19"]
[Round "1"]
[White "Dacalor, Aurelie"]
[Black "Muller, Anne"]
[Result "0-1"]
[WhiteElo "2123"]
[BlackElo "2169"]
[PlyCount "78"]
[EventDate "2002.08.??"]

1. d4 Nf6 2. c4 e6 3. Nc3 Bb4 4. Bg5 h6 5. Bxf6 Bxc3+ 6. bxc3 Qxf6 7. Qc2 d6 8.
Rd1 O-O 9. g3 e5 10. Bg2 Nc6 11. e3 Bg4 12. Ne2 Rfe8 13. f3 Bd7 14. e4 Na5 15.
Qd3 Ba4 16. Rd2 a6 17. f4 b5 18. cxb5 Bxb5 19. Qf3 Nc4 20. Rd1 Ba4 21. Rd3 Bc2
22. O-O Bxd3 23. Qxd3 Nb6 24. fxe5 Qe7 25. exd6 cxd6 26. Nf4 Ra7 27. Re1 Qc7
28. Rc1 Qc4 29. Qc2 a5 30. Bf1 Qc6 31. Bd3 Rae7 32. c4 Rb8 33. Qf2 Reb7 34. Rc2
Na4 35. Nd5 Nb6 36. Ne3 Nd7 37. Nf5 Nf8 38. c5 dxc5 39. dxc5 Ne6 0-1

[Event "Championnat de France"]
[Site "Val d'Isere"]
[Date "2002.08.19"]
[Round "1"]
[White "Flear, Christine"]
[Black "Costagliola, Marina"]
[Result "1-0"]
[WhiteElo "2176"]
[BlackElo "2238"]
[PlyCount "67"]
[EventDate "2002.08.??"]

1. d4 Nf6 2. Nf3 e6 3. g3 b6 4. Bg2 Bb7 5. O-O Be7 6. c4 O-O 7. Nc3 Ne4 8. d5
Nxc3 9. bxc3 Bf6 10. Nd4 exd5 11. cxd5 Re8 12. Be3 Na6 13. Rc1 Nc5 14. Nf5 d6
15. Bxc5 bxc5 16. e4 Ba6 17. Re1 Qd7 18. f4 Rab8 19. Ne3 Rb2 20. Ng4 Be7 21. e5
Rxa2 22. e6 fxe6 23. dxe6 Qb5 24. Be4 c4 25. Rb1 Qa5 26. Ne3 Qc5 27. Qd5 Ra5
28. Qc6 Kf8 29. Qxc5 Rxc5 30. Bxh7 Bf6 31. Bg6 Bxc3 32. e7+ Kxe7 33. Nd5+ Kd8
34. Rb8+ 1-0

[Event "Championnat de France"]
[Site "Val d'Isere"]
[Date "2002.08.19"]
[Round "1"]
[White "Armas, Frederike"]
[Black "Marchadour, Claire"]
[Result "1/2-1/2"]
[WhiteElo "2170"]
[BlackElo "2081"]
[PlyCount "41"]
[EventDate "2002.08.??"]

1. d4 Nf6 2. Nf3 c5 3. e3 e6 4. Bd3 Be7 5. c3 O-O 6. e4 d6 7. O-O Nbd7 8. e5
Nd5 9. Nbd2 cxd4 10. cxd4 dxe5 11. dxe5 Nf4 12. Bb1 Ng6 13. Qc2 b6 14. Ne4 Bb7
15. Re1 Rc8 16. Nc3 Qc7 17. Bf4 Bb4 18. Re3 Bc5 19. Re1 Bb4 20. Re3 Bc5 21. Re1
1/2-1/2

[Event "Championnat de France"]
[Site "Val d'Isere"]
[Date "2002.08.19"]
[Round "1"]
[White "Delahaye, Raphaelle"]
[Black "Lallemand, Roza"]
[Result "1/2-1/2"]
[WhiteElo "2166"]
[BlackElo "2301"]
[PlyCount "146"]
[EventDate "2002.08.??"]

1. c4 g6 2. Nc3 Bg7 3. g3 e5 4. Bg2 d6 5. e3 Nc6 6. d3 f5 7. Nge2 Nf6 8. O-O
O-O 9. f4 Be6 10. Rb1 Rb8 11. b4 exf4 12. Nxf4 Bf7 13. Ncd5 Ne5 14. b5 Qd7 15.
Nb4 Rfe8 16. Qc2 Neg4 17. Re1 g5 18. Nfd5 Nxd5 19. Nxd5 c6 20. bxc6 bxc6 21.
Rxb8 Rxb8 22. Qa4 Rb7 23. Nb4 Bc3 24. Bxc6 Rxb4 25. Bxd7 Rxa4 26. Re2 Ra5 27.
Rc2 Bf6 28. h3 Ne5 29. Bd2 Nf3+ 30. Kf2 Nxd2 31. Rxd2 Kg7 32. Rc2 Rc5 33. Bb5
Rc7 34. d4 f4 35. gxf4 gxf4 36. c5 fxe3+ 37. Kxe3 Re7+ 38. Kd2 dxc5 39. dxc5
Bg5+ 40. Kc3 Re3+ 41. Kb4 Re4+ 42. Ka5 Be3 43. Ka6 Re7 44. Bc6 Bg6 45. Rc3 Bd4
46. Rc1 Rc7 47. Bb5 Bxc5 48. Rc3 Bf5 49. Rg3+ Kf6 50. Rf3 Ke5 51. Ka5 Bd4 52.
Kb4 Rc2 53. Rxf5+ Ke4 54. Rh5 Rxa2 55. Rxh7 a5+ 56. Kb3 Rb2+ 57. Ka4 Bc3 58.
Bc6+ Kd4 59. Rh4+ Kc5 60. Bd7 Bb4 61. Be6 Re2 62. Rc4+ Kb6 63. Bg4 Ra2+ 64. Kb3
Ra3+ 65. Kb2 Kb5 66. Rc8 Re3 67. Bd7+ Kb6 68. Rc4 Bc5 69. Ka2 Re7 70. Bf5 Re2+
71. Kb3 Re3+ 72. Ka2 Kb5 73. Re4 Rd3 1/2-1/2

[Event "Championnat de France"]
[Site "Val d'Isere"]
[Date "2002.08.20"]
[Round "2"]
[White "Muller, Anne"]
[Black "Milliet, Sophie"]
[Result "0-1"]
[WhiteElo "2169"]
[BlackElo "2173"]
[PlyCount "106"]
[EventDate "2002.08.??"]

1. e4 c5 2. Nf3 Nc6 3. d4 cxd4 4. Nxd4 g6 5. Nc3 Bg7 6. Nb3 Bxc3+ 7. bxc3 Nf6
8. Bd3 d5 9. exd5 Qxd5 10. O-O Bf5 11. c4 Qd7 12. Nc5 Qd6 13. Bxf5 Qxc5 14. Bd3
O-O 15. Be3 Qd6 16. c5 Qc7 17. Rb1 Rfd8 18. Qf3 Nd5 19. Be4 Ne5 20. Qh3 Nc4 21.
Bxd5 Rxd5 22. Qf3 Nxe3 23. Qxe3 Rc8 24. Qe4 Qxc5 25. Rxb7 e6 26. g3 a5 27. Qf4
Rf5 28. Qd2 Qxc2 29. Qd7 Qc6 30. Qxc6 Rxc6 31. Rb2 Rfc5 32. Rd1 Rc2 33. Rd2
Rxd2 34. Rxd2 Kg7 35. Kg2 Rc3 36. h4 h5 37. Re2 Kf6 38. Kh2 Kf5 39. Kg2 e5 40.
f3 Ke6 41. Rb2 Kd5 42. g4 hxg4 43. fxg4 Ke4 44. Rf2 f5 45. gxf5 gxf5 46. h5 f4
47. Rb2 Rg3+ 48. Kf1 Rh3 49. Rb5 Rxh5 50. Rxa5 Kf3 51. Ra3+ Kg4 52. Ra5 f3 53.
Ra8 Kf4 0-1

[Event "Championnat de France"]
[Site "Val d'Isere"]
[Date "2002.08.20"]
[Round "2"]
[White "Costagliola, Marina"]
[Black "Armas, Frederike"]
[Result "1/2-1/2"]
[WhiteElo "2238"]
[BlackElo "2170"]
[PlyCount "25"]
[EventDate "2002.08.??"]

1. e4 c5 2. Nc3 Nc6 3. g3 g6 4. Bg2 Bg7 5. d3 d6 6. Be3 Nf6 7. h3 Rb8 8. Qd2 b5
9. Bh6 Bxh6 10. Qxh6 Nd4 11. Qd2 O-O 12. Nge2 b4 13. Nb1 1/2-1/2

[Event "Championnat de France"]
[Site "Val d'Isere"]
[Date "2002.08.20"]
[Round "2"]
[White "Marchadour, Claire"]
[Black "Delahaye, Raphaelle"]
[Result "0-1"]
[WhiteElo "2081"]
[BlackElo "2166"]
[PlyCount "104"]
[EventDate "2002.08.??"]

1. e4 e6 2. d4 d5 3. Nc3 dxe4 4. Nxe4 Bd7 5. Nf3 Bc6 6. Bd3 Nd7 7. Qe2 Ngf6 8.
Bg5 Be7 9. h4 Nxe4 10. Bxe4 Bxe4 11. Qxe4 c6 12. O-O-O Nf6 13. Qe2 Qd5 14. Kb1
h6 15. Bf4 Rd8 16. Rhe1 O-O 17. Ne5 Qa5 18. Ng4 Nd5 19. Bd2 Qb6 20. c4 Ba3 21.
Ba5 Qxa5 22. cxd5 Rxd5 23. Ne3 Rd7 24. bxa3 Qxa3 25. Qb2 Qa4 26. g3 Rfd8 27.
Qb3 Qa5 28. Nc2 Rd5 29. Qf3 Rb5+ 30. Ka1 Qa4 31. Qc3 Ra5 32. a3 Rdd5 33. Rb1 c5
34. Rxb7 cxd4 35. Rb8+ Kh7 36. Qd3+ g6 37. Rb7 Rd7 38. Rxd7 Qxd7 39. Re4 e5 40.
h5 f5 41. hxg6+ Kxg6 42. Rh4 Qb5 43. Qd1 Kg7 44. Qd2 Ra6 45. Qc1 Qc4 46. Rh1
Rc6 47. Kb1 Qd3 48. Qd1 Qb3+ 49. Kc1 d3 50. Kd2 dxc2 51. Qa1 Rd6+ 52. Ke2 Qd3+
0-1

[Event "Championnat de France"]
[Site "Val d'Isere"]
[Date "2002.08.21"]
[Round "3"]
[White "Flear, Christine"]
[Black "Muller, Anne"]
[Result "0-1"]
[WhiteElo "2176"]
[BlackElo "2169"]
[PlyCount "66"]
[EventDate "2002.08.??"]

1. d4 Nf6 2. c4 e6 3. Nc3 Bb4 4. e3 c5 5. Bd3 Nc6 6. Nge2 cxd4 7. exd4 d5 8.
cxd5 Nxd5 9. O-O O-O 10. a3 Be7 11. Bc2 b6 12. Qd3 g6 13. Bh6 Re8 14. Rad1 Bb7
15. Nxd5 exd5 16. f4 f5 17. g4 Bf6 18. gxf5 Rxe2 19. Qxe2 Nxd4 20. Qf2 Nxc2 21.
Qxc2 d4 22. Qc4+ Bd5 23. Qd3 gxf5 24. Qxf5 Qd6 25. Rd3 Kh8 26. Rg3 Rg8 27. Rc1
Bb7 28. Rxg8+ Kxg8 29. Qg4+ Kh8 30. Bg5 Bg7 31. Qf5 d3 32. Re1 Qc6 33. Qh3 Bd4+
0-1

[Event "Championnat de France"]
[Site "Val d'Isere"]
[Date "2002.08.21"]
[Round "3"]
[White "Delahaye, Raphaelle"]
[Black "Costagliola, Marina"]
[Result "0-1"]
[WhiteElo "2166"]
[BlackElo "2238"]
[PlyCount "112"]
[EventDate "2002.08.??"]

1. c4 Nf6 2. Nc3 e6 3. Nf3 b6 4. g3 c5 5. Bg2 Bb7 6. O-O Be7 7. Re1 d6 8. a3
O-O 9. d3 e5 10. b4 Nc6 11. bxc5 bxc5 12. Rb1 Rb8 13. Qa4 Ba8 14. Rxb8 Qxb8 15.
e3 Qb7 16. Nh4 Qd7 17. Nd5 Bd8 18. Bd2 g6 19. Bc3 Nb8 20. Qxd7 Nbxd7 21. Nxf6+
Bxf6 22. Bxa8 Rxa8 23. Rb1 Rb8 24. Rxb8+ Nxb8 25. Ba5 Nc6 26. Bd2 Bxh4 27. gxh4
e4 28. dxe4 Ne5 29. Kg2 Nxc4 30. Bc1 Kg7 31. f4 Kf6 32. Kf3 Ke6 33. Ke2 f5 34.
Kd3 Nb6 35. exf5+ gxf5 36. Bb2 Kd5 37. Bg7 Na4 38. h5 Nb6 39. h6 Nc4 40. a4 Nb6
41. a5 Nc4 42. Bc3 a6 43. h4 Na3 44. Bf6 Nb5 45. Kd2 Kc4 46. Kc2 d5 47. Be7 Na7
48. Bd8 Nc6 49. Bc7 Kb4 50. Kd3 Nxa5 51. Be5 Kb3 52. Bf6 Nc6 53. Bg7 a5 54. Bf8
c4+ 55. Ke2 c3 56. Kd1 Nb4 0-1

[Event "Championnat de France"]
[Site "Val d'Isere"]
[Date "2002.08.21"]
[Round "3"]
[White "Armas, Frederike"]
[Black "Dacalor, Aurelie"]
[Result "1-0"]
[WhiteElo "2170"]
[BlackElo "2123"]
[PlyCount "99"]
[EventDate "2002.08.??"]

1. d4 Nf6 2. c4 d6 3. Nc3 Bf5 4. g3 Nbd7 5. Bg2 Qc8 6. e4 Bg6 7. Nge2 e5 8. O-O
Be7 9. h3 O-O 10. f4 h6 11. f5 Bh7 12. d5 c6 13. Be3 Qb8 14. g4 cxd5 15. cxd5
Bd8 16. Kh2 b5 17. Ng3 b4 18. Na4 Nb6 19. Nxb6 Bxb6 20. Qd2 Bxe3 21. Qxe3 Qb6
22. Qd2 Rfc8 23. Rfc1 Ne8 24. Rc2 Rc5 25. Rxc5 dxc5 26. b3 f6 27. Rc1 Rc8 28.
Bf1 Kf8 29. Rc2 Bg8 30. Nh1 Nd6 31. Nf2 Bf7 32. h4 Ke7 33. Qe3 Nb7 34. Kg3 a5
35. Nd3 Kd6 36. Nb2 Ke7 37. Kg2 Be8 38. Nc4 Qc7 39. g5 hxg5 40. hxg5 Bb5 41.
Qh3 Bxc4 42. Bxc4 Kd6 43. Kf1 Qe7 44. Rg2 Rf8 45. Qh7 Rf7 46. Be2 Qf8 47. Ba6
Nd8 48. Bc8 Rc7 49. Ba6 Ra7 50. gxf6 1-0

[Event "Championnat de France"]
[Site "Val d'Isere"]
[Date "2002.08.21"]
[Round "3"]
[White "Verot, Melanie"]
[Black "Lallemand, Roza"]
[Result "0-1"]
[WhiteElo "2077"]
[BlackElo "2301"]
[PlyCount "110"]
[EventDate "2002.08.??"]

1. d4 c5 2. dxc5 e6 3. Nc3 Bxc5 4. Ne4 d5 5. Nxc5 Qa5+ 6. c3 Qxc5 7. e4 dxe4 8.
Be3 Qf5 9. Ne2 Nf6 10. Nd4 Qd5 11. Nb5 Na6 12. Qa4 O-O 13. Rd1 Nc5 14. Qb4 Nd3+
15. Bxd3 exd3 16. O-O a5 17. Qc5 Bd7 18. Nc7 Qxc5 19. Bxc5 Rac8 20. Bb6 Bc6 21.
Rxd3 Nd7 22. Bxa5 b6 23. Bb4 Rxc7 24. Bxf8 Kxf8 25. Rfd1 Ke7 26. b3 f5 27. c4
Nc5 28. Re3 f4 29. Ree1 f3 30. gxf3 Bxf3 31. Rd4 Ra7 32. b4 Nd7 33. Re3 Bc6 34.
a3 Ra8 35. Rh4 Nf6 36. Rd4 h5 37. h3 Rf8 38. Re5 g6 39. Rg5 Rg8 40. c5 b5 41.
Re5 Bd5 42. f4 Kd7 43. Kf2 Ra8 44. Re3 Rf8 45. Kg3 Ne8 46. Kh2 Ng7 47. Re1 Nf5
48. Rdd1 h4 49. Rd2 Ng3 50. Rd4 Nh5 51. Rf1 Kc6 52. f5 Ng3 53. Rf2 Ne4 54. Rg2
gxf5 55. Rg7 f4 0-1

[Event "Championnat de France"]
[Site "Val d'Isere"]
[Date "2002.08.21"]
[Round "3"]
[White "Dubois, Martine"]
[Black "Marchadour, Claire"]
[Result "1/2-1/2"]
[WhiteElo "2049"]
[BlackElo "2081"]
[PlyCount "165"]
[EventDate "2002.08.??"]

1. e4 c5 2. Nf3 Nc6 3. c3 d5 4. exd5 Qxd5 5. d4 cxd4 6. cxd4 g6 7. Nc3 Qd8 8.
d5 Nb8 9. Be3 Bg7 10. Be2 Nf6 11. Qd2 O-O 12. O-O Ne8 13. Nd4 Nd7 14. Ne6 fxe6
15. dxe6 Nd6 16. exd7 Bxd7 17. Bf3 Kh8 18. Bh6 Bxh6 19. Qxh6 Rxf3 20. gxf3 Bc6
21. Qf4 Nf5 22. Rfd1 Qa5 23. Ne4 e5 24. Qd2 Qc7 25. Qc3 Qg7 26. Rd3 Nd4 27. Qd2
Bb5 28. Re3 Rd8 29. Kg2 Ne6 30. Qa5 Nf4+ 31. Kh1 Qd7 32. Ng5 Rf8 33. Rxe5 Bc6
34. Qc3 Qg7 35. Re7 Qxc3 36. bxc3 Nd5 37. Rxh7+ Kg8 38. Rh4 Nxc3 39. Kg2 Rf5
40. Ne4 Nd5 41. a4 Nf4+ 42. Kg1 Nd3 43. Nd2 Ne5 44. Rc1 Nxf3+ 45. Nxf3 Rxf3 46.
a5 Ra3 47. Rg4 Rxa5 48. Rxg6+ Kf7 49. Rh6 Rg5+ 50. Kf1 a5 51. Rhxc6 bxc6 52.
Rxc6 Rh5 53. Kg2 Rg5+ 54. Kf3 Rh5 55. Kg3 Rb5 56. f4 Rb1 57. Kg4 a4 58. Ra6 Ra1
59. Kf5 a3 60. Ra7+ Kg8 61. h4 a2 62. h5 Kh8 63. h6 Kg8 64. Rg7+ Kh8 65. Rg2
Kh7 66. Kg5 Kh8 67. f5 Kh7 68. Kf6 Kh8 69. Kg6 Rf1 70. Rxa2 Rg1+ 71. Kf7 Rf1
72. f6 Re1 73. h7 Re3 74. Rg2 Rh3 75. Rg7 Re3 76. Rg5 Re1 77. Kg6 Re6 78. Kf5
Re1 79. f7 Rf1+ 80. Ke6 Kxh7 81. Rf5 Rxf5 82. Kxf5 Kg7 83. Ke4 1/2-1/2

[Event "Championnat de France"]
[Site "Val d'Isere"]
[Date "2002.08.22"]
[Round "4"]
[White "Muller, Anne"]
[Black "Sebag, Marie"]
[Result "0-1"]
[WhiteElo "2169"]
[BlackElo "2344"]
[PlyCount "68"]
[EventDate "2002.08.??"]

1. e4 e5 2. Nf3 Nc6 3. Bc4 Bc5 4. c3 Nf6 5. d3 d6 6. b4 Bb6 7. a4 a5 8. b5 Ne7
9. Ba2 O-O 10. O-O Ng6 11. Nbd2 c6 12. Nc4 Bc7 13. bxc6 bxc6 14. Ba3 Re8 15.
Ne3 d5 16. Qc2 h6 17. Rfd1 Be6 18. Rab1 Bd6 19. Bxd6 Qxd6 20. Rb2 Rad8 21. c4
dxe4 22. dxe4 Qc5 23. Rdb1 Nf4 24. Rb6 Nd3 25. Nd2 Nxf2 26. R6b3 N2g4 27. Ndf1
Nxe3 28. Nxe3 Rd4 29. Rb8 Rxb8 30. Rxb8+ Kh7 31. Qe2 Ng4 32. Rb1 Nxe3 33. Qxe3
Rd1+ 34. Kf2 Rd2+ 0-1

[Event "Championnat de France"]
[Site "Val d'Isere"]
[Date "2002.08.22"]
[Round "4"]
[White "Flear, Christine"]
[Black "Armas, Friedericke"]
[Result "1/2-1/2"]
[WhiteElo "2176"]
[BlackElo "2170"]
[PlyCount "41"]
[EventDate "2002.08.??"]

1. d4 d5 2. c4 e6 3. Nf3 Nf6 4. Bg5 Be7 5. e3 O-O 6. Nc3 Nbd7 7. Qc2 c6 8. cxd5
exd5 9. Bd3 Re8 10. O-O Nf8 11. h3 Ng6 12. Bxf6 Bxf6 13. b4 Qd6 14. Rab1 Bd8
15. e4 dxe4 16. Nxe4 Qf4 17. Rbe1 Rf8 18. Re3 Bc7 19. g3 Qh6 20. h4 Be6 21.
Neg5 1/2-1/2

[Event "Championnat de France"]
[Site "Val d'Isere"]
[Date "2002.08.23"]
[Round "5"]
[White "Dubois, Martine"]
[Black "Dacalor, Aurelie"]
[Result "1-0"]
[WhiteElo "2049"]
[BlackElo "2123"]
[PlyCount "91"]
[EventDate "2002.08.??"]

1. e4 c5 2. c3 e6 3. Nf3 Nc6 4. d4 cxd4 5. cxd4 d5 6. exd5 exd5 7. Bd3 Bd6 8.
Nc3 Nge7 9. O-O O-O 10. h3 h6 11. a3 Be6 12. Ne2 Qc7 13. Bd2 Rac8 14. b4 Bf5
15. Qb1 Bxd3 16. Qxd3 Qd8 17. Bf4 Ng6 18. Bxd6 Qxd6 19. Nd2 Rc7 20. g3 Re8 21.
Kg2 Qf6 22. Nb3 Nce7 23. Rac1 Rec8 24. Rxc7 Rxc7 25. Rc1 Rxc1 26. Nbxc1 Qc6 27.
Nb3 b6 28. Nd2 Nc8 29. Nc3 Nge7 30. Nf3 f6 31. h4 Nd6 32. Ne2 Qc4 33. Qe3 Kf7
34. Nd2 Qc2 35. Nf4 Qf5 36. f3 g5 37. hxg5 hxg5 38. Ne2 Qc2 39. g4 Ng6 40. Kg3
Qd1 41. Nc3 Qa1 42. Nxd5 Nb5 43. Ne4 Qa2 44. Nexf6 Nd6 45. Qxg5 Qe2 46. Qxg6+
1-0

[Event "Championnat de France"]
[Site "Val d'Isere"]
[Date "2002.08.23"]
[Round "5"]
[White "Delahaye, Raphaelle"]
[Black "Flear, Christine"]
[Result "0-1"]
[WhiteElo "2166"]
[BlackElo "2176"]
[PlyCount "66"]
[EventDate "2002.08.??"]

1. c4 c5 2. Nc3 Nc6 3. g3 g6 4. Bg2 Bg7 5. Nf3 e5 6. d3 Nge7 7. h4 h6 8. Bd2 d6
9. a3 Be6 10. Rb1 a5 11. b3 Rb8 12. Nb5 d5 13. Qc1 d4 14. O-O Qd7 15. b4 axb4
16. axb4 Nxb4 17. Bxb4 cxb4 18. Rxb4 O-O 19. Qc2 f5 20. Nd2 f4 21. Ne4 Bh3 22.
Rbb1 Bxg2 23. Kxg2 Nf5 24. Rh1 fxg3 25. Nxg3 Nxg3 26. fxg3 Qc6+ 27. Kh3 Rf2 28.
Rhg1 Rbf8 29. c5 h5 30. Qc4+ Kh7 31. Nd6 Qd7+ 32. g4 Rxe2 33. Qd5 hxg4+ 0-1

[Event "Championnat de France"]
[Site "Val d'Isere"]
[Date "2002.08.23"]
[Round "5"]
[White "Verot, Melanie"]
[Black "Costagliola, Marina"]
[Result "0-1"]
[WhiteElo "2077"]
[BlackElo "2238"]
[PlyCount "72"]
[EventDate "2002.08.??"]

1. d4 Nf6 2. c4 e6 3. Nc3 d5 4. Bg5 Be7 5. cxd5 exd5 6. e3 O-O 7. Bd3 Nbd7 8.
Nge2 c6 9. O-O Ne4 10. Bf4 f5 11. f3 Nd6 12. Qc2 Nb6 13. b3 Bg5 14. g4 Bxf4 15.
Nxf4 Qh4 16. Ng2 Qh6 17. Be2 fxg4 18. fxg4 Be6 19. Rf3 Rxf3 20. Bxf3 Rf8 21.
Rf1 Nd7 22. Nf4 Nf6 23. h3 Bd7 24. Qg2 Nf7 25. Na4 Re8 26. Re1 Ng5 27. Nc5 Qh4
28. Kf1 Bc8 29. Qf2 Nxf3 30. Qxf3 b6 31. Ncd3 Ne4 32. Kg2 Ba6 33. Rd1 Bxd3 34.
Rxd3 g5 35. Nh5 Rf8 36. Qe2 Rf2+ 0-1

[Event "Championnat de France"]
[Site "Val d'Isere"]
[Date "2002.08.25"]
[Round "8"]
[White "Dacalor, Aurelie"]
[Black "Sebag, Marie"]
[Result "0-1"]
[WhiteElo "2123"]
[BlackElo "2344"]
[PlyCount "58"]
[EventDate "2002.08.??"]

1. d4 d5 2. c4 c6 3. Nc3 Nf6 4. cxd5 cxd5 5. e3 Nc6 6. Bd3 a6 7. Nf3 Bg4 8. h3
Bxf3 9. Qxf3 e5 10. dxe5 Nxe5 11. Qd1 Bc5 12. Bb1 O-O 13. O-O Qd6 14. Ne2 Nc6
15. a3 Qe5 16. Ra2 Bd6 17. f4 Qe6 18. Ng3 Bc5 19. Qd3 Rfe8 20. Rf3 Rac8 21. b3
Ba7 22. Rc2 d4 23. e4 Nxe4 24. Re2 f5 25. Nxe4 fxe4 26. Rxe4 Qxe4 27. Qxe4 d3+
28. Qe3 Rxe3 29. Bxe3 Nb8 0-1

[Event "Championnat de France"]
[Site "Val d'Isere"]
[Date "2002.08.25"]
[Round "8"]
[White "Delahaye, Raphaelle"]
[Black "Dubois, Martine"]
[Result "1-0"]
[WhiteElo "2166"]
[BlackElo "2049"]
[PlyCount "85"]
[EventDate "2002.08.??"]

1. c4 c5 2. Nc3 Nc6 3. g3 g6 4. Bg2 Bg7 5. Nf3 b6 6. O-O Bb7 7. d3 d6 8. Bd2
Qd7 9. Rb1 e6 10. a3 Nge7 11. b4 O-O 12. Qc1 Nd4 13. Nxd4 cxd4 14. Na2 Bxg2 15.
Kxg2 b5 16. cxb5 Qxb5 17. Qb2 Rac8 18. Rfc1 Qe5 19. e4 Qb5 20. Qb3 d5 21. a4
Qb7 22. f3 dxe4 23. fxe4 h6 24. b5 Rxc1 25. Rxc1 Rb8 26. Nb4 Kh7 27. Nc6 Re8
28. Bb4 Nxc6 29. Rxc6 Be5 30. Qc4 Rd8 31. Qc5 Bb8 32. Ba5 Rd7 33. Qf8 Bc7 34.
Bd2 g5 35. Qe8 Bd8 36. h4 gxh4 37. Qf8 Bg5 38. Rc8 Kg6 39. Qg8+ Kh5 40. Bxg5
hxg5 41. Qh7+ Kg4 42. Rh8 hxg3 43. Qh3+ 1-0

[Event "Championnat de France"]
[Site "Val d'Isere"]
[Date "2002.08.25"]
[Round "8"]
[White "Armas, Frederike"]
[Black "Verot, Melanie"]
[Result "1/2-1/2"]
[WhiteElo "2170"]
[BlackElo "2077"]
[PlyCount "105"]
[EventDate "2002.08.??"]

1. d4 d5 2. c4 e6 3. Nc3 c5 4. cxd5 exd5 5. Nf3 Nc6 6. g3 Nf6 7. Bg2 Be7 8. O-O
O-O 9. dxc5 Bxc5 10. a3 d4 11. Na4 Be7 12. b4 Ne4 13. b5 Na5 14. Nxd4 Nd6 15.
Qd3 Bf6 16. Bb2 Nac4 17. Bc3 Qe8 18. Nc5 Ne5 19. Qb1 Nec4 20. Qc1 Bxd4 21. Bxd4
Qxb5 22. Rb1 Qa5 23. Nxb7 Bxb7 24. Bxb7 Rab8 25. Bg2 Rxb1 26. Qxb1 Nd2 27. Qa1
Nxf1 28. Bxg7 Rc8 29. Bxf1 Qd2 30. Qf6 Ne8 31. Qd4 Rd8 32. Qxd2 Rxd2 33. Bc3
Ra2 34. Bb4 Nf6 35. f3 Nd5 36. Bc5 a5 37. e4 Nc3 38. Ba6 Nb1 39. Bb7 Nxa3 40.
Bd5 Ra1+ 41. Kf2 Nb5 42. Ke3 Rc1 43. Bb6 a4 44. Kd2 Rh1 45. Bc6 Rxh2+ 46. Kd3
a3 47. Bxb5 a2 48. Bd4 Rh1 49. Ke3 a1=Q 50. Bxa1 Rxa1 51. Kf4 Kg7 52. Bd7 Rd1
53. Bc8 1/2-1/2

[Event "Championnat de France"]
[Site "Val d'Isere"]
[Date "2002.08.25"]
[Round "8"]
[White "Costagliola, Marina"]
[Black "Lallemand, Roza"]
[Result "0-1"]
[WhiteElo "2238"]
[BlackElo "2301"]
[PlyCount "96"]
[EventDate "2002.08.??"]

1. e4 c5 2. g3 d5 3. exd5 Qxd5 4. Nf3 Bg4 5. Bg2 Nc6 6. h3 Qe6+ 7. Kf1 Bh5 8.
Nc3 Nf6 9. d3 Qd7 10. Bf4 e6 11. g4 Bg6 12. Ne5 Nxe5 13. Bxe5 Nd5 14. Nxd5 exd5
15. Qf3 O-O-O 16. a3 f6 17. Bg3 Qc6 18. Kg1 Bd6 19. Qxd5 Qxd5 20. Bxd5 Be5 21.
Bf4 Bxf4 22. Be6+ Kc7 23. Bc4 Bg3 24. fxg3 Rhe8 25. Bb3 b5 26. Rh2 Re3 27. a4
b4 28. Rg2 Rde8 29. Rd1 R8e7 30. Kh2 Be8 31. d4 cxd4 32. Rxd4 Bc6 33. Rgd2 Re1
34. Bd5 Bxd5 35. Rxd5 R7e2+ 36. Rxe2 Rxe2+ 37. Kg1 Rxc2 38. Ra5 Rxb2 39. Rxa7+
Kb6 40. Rxg7 b3 41. Rxh7 Ra2 42. Rh8 b2 43. Rb8+ Kc7 44. Rb5 Ra1+ 45. Kg2 b1=Q
46. Rxb1 Rxb1 47. h4 Kd6 48. h5 Ke5 0-1

[Event "Championnat de France"]
[Site "Val d'Isere"]
[Date "2002.08.25"]
[Round "8"]
[White "Flear, Christine"]
[Black "Milliet, Sophie"]
[Result "1-0"]
[WhiteElo "2176"]
[BlackElo "2173"]
[PlyCount "79"]
[EventDate "2002.08.??"]

1. d4 Nf6 2. c4 g6 3. Nc3 d5 4. cxd5 Nxd5 5. Bd2 Bg7 6. e4 Nb6 7. Be3 O-O 8.
Bb5 c6 9. Be2 e5 10. dxe5 Qxd1+ 11. Rxd1 Bxe5 12. Nf3 Bg7 13. Nd4 N8d7 14. O-O
Ne5 15. b3 Ng4 16. Bxg4 Bxg4 17. f3 Bd7 18. Rd2 Rfe8 19. Nde2 Be6 20. Rfd1 f5
21. Bd4 Bh6 22. Rd3 fxe4 23. Nxe4 Bf5 24. Nf6+ Kf7 25. Nxe8 Rxe8 26. R3d2 Bxd2
27. Rxd2 Rd8 28. g4 Be6 29. Nf4 c5 30. Nxe6 Kxe6 31. Re2+ Kd6 32. Bf6 Rd7 33.
Bh4 Rf7 34. Kf2 c4 35. Bg3+ Kc5 36. Rc2 Kd4 37. Ke2 Re7+ 38. Kd2 Kd5 39. Bf2
cxb3 40. axb3 1-0

[Event "Championnat de France"]
[Site "Val d'Isere"]
[Date "2002.08.25"]
[Round "8"]
[White "Muller, Anne"]
[Black "Marchadour, Claire"]
[Result "1/2-1/2"]
[WhiteElo "2169"]
[BlackElo "2081"]
[PlyCount "137"]
[EventDate "2002.08.??"]

1. e4 c5 2. Nf3 Nc6 3. d4 cxd4 4. Nxd4 Nf6 5. Nc3 e5 6. Ndb5 d6 7. Nd5 Nxd5 8.
exd5 Ne7 9. c4 Ng6 10. Qa4 Bd7 11. Qb4 Qb8 12. Be3 b6 13. a4 Be7 14. Bd3 f5 15.
f3 O-O 16. O-O Nf4 17. Bc2 g5 18. Kh1 Rf6 19. g3 Nh3 20. f4 exf4 21. gxf4 g4
22. Nd4 Qe8 23. Rae1 Qh5 24. Ne2 Rh6 25. Ng3 Qg6 26. Bd4 Bh4 27. Qc3 Rf8 28.
Re2 Bf6 29. Bxf6 Rxf6 30. Qd4 Rf7 31. a5 bxa5 32. Qxa7 Qf6 33. Qxa5 Qd4 34. Qc3
Qa7 35. b4 Rhf6 36. Qe3 Qa2 37. Bd3 Qb3 38. Rb1 Qa3 39. Reb2 Rf8 40. Qd4 R6f7
41. c5 dxc5 42. bxc5 Nxf4 43. Rb3 Qa8 44. Qxf4 Qxd5+ 45. Kg1 Qxc5+ 46. Kf1 Be6
47. Rb8 Qc3 48. Rxf8+ Rxf8 49. Be2 Qg7 50. Rc1 Qg6 51. Bc4 Bxc4+ 52. Qxc4+ Qf7
53. Nh5 Qxc4+ 54. Rxc4 h6 55. Nf4 Rf7 56. Kf2 Kg7 57. Rc6 Ra7 58. Rg6+ Kh7 59.
Rf6 Ra2+ 60. Ne2 Ra5 61. Kg3 Kg7 62. Re6 Ra3+ 63. Kg2 h5 64. Ng3 Ra2+ 65. Kg1
Ra1+ 66. Kf2 Ra2+ 67. Kg1 Ra1+ 68. Kf2 Ra2+ 69. Kg1 1/2-1/2

[Event "Championnat de France"]
[Site "Val d'Isere"]
[Date "2002.08.26"]
[Round "9"]
[White "Sebag, Marie"]
[Black "Flear, Christine"]
[Result "1/2-1/2"]
[WhiteElo "2344"]
[BlackElo "2176"]
[PlyCount "42"]
[EventDate "2002.08.??"]

1. e4 c5 2. Nf3 e6 3. c3 Nf6 4. Bd3 d5 5. e5 Nfd7 6. Bc2 Nc6 7. d4 Be7 8. h4 h6
9. h5 b6 10. Bd3 Qc7 11. a3 a5 12. Bf4 Ba6 13. Bxa6 Rxa6 14. Qd3 Ra7 15. O-O c4
16. Qe3 b5 17. Nh2 Qd8 18. Qg3 Qc7 19. Bc1 Nb6 20. Qh3 Bf8 21. Qg3 Be7 1/2-1/2

[Event "Championnat de France"]
[Site "Val d'Isere"]
[Date "2002.08.26"]
[Round "9"]
[White "Verot, Melanie"]
[Black "Delahaye, Raphaelle"]
[Result "0-1"]
[WhiteElo "2077"]
[BlackElo "2166"]
[PlyCount "66"]
[EventDate "2002.08.??"]

1. d4 e6 2. c4 f5 3. Nf3 Nf6 4. Bf4 Bb4+ 5. Nc3 O-O 6. e3 Ne4 7. Qc2 b6 8. Rd1
d6 9. Bd3 Bb7 10. d5 Bxc3+ 11. bxc3 exd5 12. Nd4 Qe7 13. f3 g5 14. Bg3 f4 15.
cxd5 Nc5 16. Bf5 Bxd5 17. Ne2 Bc4 18. Bf2 fxe3 19. Bg3 Bxe2 20. Kxe2 Qf7 21.
Bd3 Nxd3 22. Rxd3 Nd7 23. h4 Qf5 24. hxg5 Nc5 25. Rh4 Qxd3+ 26. Qxd3 Nxd3 27.
Kxd3 Rae8 28. Ke2 Rf5 29. Rg4 Rd5 30. Be1 Rb5 31. Rb4 Rxb4 32. cxb4 c5 33. g3
d5 0-1

[Event "Championnat de France"]
[Site "Val d'Isere"]
[Date "2002.08.26"]
[Round "9"]
[White "Lallemand, Roza"]
[Black "Dacalor, Aurelie"]
[Result "1-0"]
[WhiteElo "2301"]
[BlackElo "2123"]
[PlyCount "65"]
[EventDate "2002.08.??"]

1. e4 Nf6 2. e5 Nd5 3. d4 d6 4. Nf3 Nc6 5. c4 Nb6 6. exd6 cxd6 7. Be2 Bg4 8.
Nbd2 g6 9. d5 Nb8 10. h3 Bxf3 11. Nxf3 Bg7 12. O-O N8d7 13. Rb1 Rc8 14. b3 O-O
15. Nd4 Nf6 16. Bb2 a5 17. Qd2 Nbd7 18. Rfe1 Re8 19. Bf1 Nc5 20. a3 Qd7 21.
Qxa5 e5 22. dxe6 fxe6 23. b4 Nce4 24. Rbd1 Qf7 25. Nf3 d5 26. cxd5 exd5 27. Bd3
Ra8 28. Qb5 Nd6 29. Qb6 Nd7 30. Qxd6 Bxb2 31. Ng5 Qf6 32. Rxe8+ Rxe8 33. Qxd7
1-0